New public manažment v kontexte poskytovania verejných služieb
Guardado en:
| Autor principal: | |
|---|---|
| Autor Corporativo: | |
| Otros Autores: | , |
| Formato: | Libro |
| Lenguaje: | eslovaco |
| Publicado: |
Banská Bystrica
BELIANUM
2017
|
| Edición: | 1. vyd. |
| Materias: | |
| Etiquetas: |
Sin Etiquetas, Sea el primero en etiquetar este registro!
|
MARC
| LEADER | 00000nam a2200000 4500 | ||
|---|---|---|---|
| 001 | 0239915 | ||
| 005 | 20240417114805.3 | ||
| 020 | |a 978-80-557-1307-6 | ||
| 041 | 0 | |a slo | |
| 044 | |a SK | ||
| 245 | 1 | 0 | |a New public manažment v kontexte poskytovania verejných služieb |c Štefan Hronec a kolektív |
| 250 | |a 1. vyd. | ||
| 264 | 1 | |a Banská Bystrica |b BELIANUM |c 2017 | |
| 300 | |a 347 s. | ||
| 610 | 2 | 0 | |a správa verejná |
| 610 | 2 | 0 | |a reformy |
| 610 | 2 | 0 | |a manažment verejnej správy |
| 610 | 2 | 0 | |a služby verejné |
| 610 | 2 | 0 | |a efektívnosť |
| 610 | 2 | 0 | |a služby elektronické |
| 610 | 2 | 0 | |a vzdelávanie |
| 610 | 2 | 0 | |a služby zdravotnícke |
| 610 | 2 | 0 | |a služby sociálne |
| 610 | 2 | 0 | |a politika |
| 610 | 2 | 0 | |a vzťahy právne |
| 610 | 2 | 0 | |a kultúra |
| 610 | 2 | 0 | |a šport |
| 610 | 2 | 0 | |a financovanie |
| 610 | 2 | 0 | |a metódy riadenia |
| 610 | 2 | 0 | |a nástroje riadenia |
| 610 | 2 | 0 | |a new public management |
| 100 | 1 | |a Hronec, Štefan | |
| 700 | 1 | |a Štrangfeldová, Jana | |
| 700 | 1 | |a Mikušová Meričková, Beáta | |
| 710 | 2 | |a Univerzita Mateja Bela v Banskej Bystrici. Ekonomická fakulta | |